| 000 | 00774nam a2200217 u 4500 | ||
|---|---|---|---|
| 005 | 20210223132718.0 | ||
| 008 | 150901s2008 r 000 0 eng d | ||
| 020 | _a9788484525677 | ||
| 035 | _aUPN01000205539 | ||
| 049 | _aI | ||
| 050 | 4 |
_aPZ7 _bW5.8 |
|
| 100 | 1 |
_aWilliams, Brenda, _d1946- _938267 |
|
| 245 | 1 | 4 |
_aUna princesa real : _bun cuento matemágico / _cBrenda Williams ; il. Sophie Fatus ; tr. Alberto Jiménez Rioja. |
| 260 |
_a[Barcelona, Esp.] : _bIntermón Oxfam, _c2008. |
||
| 300 |
_a[44] p. : _bil. col. |
||
| 534 |
_pTítulo original: _tThe Real Princess |
||
| 650 | 4 |
_aPRINCESAS - _vLITERATURA INFANTIL _911041 |
|
| 650 | 4 |
_aCONTEO - _vLITERATURA INFANTIL _911126 |
|
| 650 | 4 |
_aRECREACIONES MATEMATICAS - _vLITERATURA INFANTIL _921623 |
|
| 905 | _aInfantil | ||
| 999 |
_c177640 _d177640 |
||